Liga MX Teams (Mexican Soccer League) - Statistics

General Stats
  • This quiz has been taken 3,256 times
  • The average score is 12 of 18
Answer Stats
Hint Answer % Correct
AMERICA
95%
CLUB DEPORTIVO GUADALAJARA
93%
TIGRES UANL
84%
CRUZ AZUL
81%
PUMAS UNAM
80%
MONTERREY
78%
ATLAS
68%
LEÓN
66%
XOLOS TIJUANA
66%
PACHUCA
63%
SANTOS LAGUNA
60%
TOLUCA
60%
PUEBLA
58%
QUERÉTARO
49%
MORELIA
48%
VERACRUZ
45%
JAGUARES CHIAPAS
35%
DORADOS SINALOA
26%
No matching quizzes found
Score Distribution
Percent of People with Each Score
Percentile by Number Answered
Your Score History
You have not taken this quiz